000 00647nam a2200217 a 4500
001 11458
003 BD RJUL
005 20211208235129.0
008 140126s1969 nyu 001 0 eng d
035 _a(BD-RjUL)
040 _aBD-RjUL
_beng
_cBD-RjUL
_dBD RJUL
041 _aeng
082 _a 625.85
_bDIM 1969
100 1 _aDietrich, Richard Vincent,
_d1924-
_935417
245 1 0 _aMineral tables :
_bhand-specimen properties of 1500 minerals /
_cRichard V. Dietrich.
260 _aNew York ;
_aLondon :
_bMcGraw-Hill,
_c1969.
300 _a[iii], 236 p. :
_c23 cm.
500 _aIncludes index.
650 0 _aMinerals.
_935418
942 _2ddc
_cBK
999 _c11458
_d11458